Was Life Good in Communist Czechoslovakia? An Empirical Test of Halbwachs‟s Theory of Collective Memory

Použitím teórie kolektívnej pamäti vyvinutej francúzskym sociológom Mauricim Halbwachsom v kombinácii s empirickými dôkazmi tento dokument ukazuje, že hodnotenia minulosti mladými Čechmi sa líšia na základe členstva v sociálnej skupine a že hodnotenie minulosti je silne spojené aj so súčasnými spol...

Descrizione completa

Salvato in:
Dettagli Bibliografici
Autore principale: Lyons, Pat
Altri autori: Kudrnáč, Aleš
Natura: Capitolo di libro
Lingua:inglese
Soggetti:
Tags: Aggiungi Tag
Nessun Tag, puoi essere il primo ad aggiungerne!!

MARC

LEADER 00000naa a2200000 4500
001 0246309
005 20180711111006.0
041 0 |a eng 
044 |a SK 
245 1 0 |a Was Life Good in Communist Czechoslovakia? An Empirical Test of Halbwachs‟s Theory of Collective Memory  |c Pat Lyons, Aleš Kudrnáč 
520 |a Použitím teórie kolektívnej pamäti vyvinutej francúzskym sociológom Mauricim Halbwachsom v kombinácii s empirickými dôkazmi tento dokument ukazuje, že hodnotenia minulosti mladými Čechmi sa líšia na základe členstva v sociálnej skupine a že hodnotenie minulosti je silne spojené aj so súčasnými spoločenskými podmienkami. 
610 2 0 |a sociológia 
610 2 0 |a komunizmus 
610 2 0 |a Česko 
610 2 0 |a Československo 
610 2 0 |a mládež 
610 2 0 |a postoje 
610 2 0 |a analýza empirická 
100 1 |a Lyons, Pat 
700 1 |a Kudrnáč, Aleš